Formel 1 Podium 2010 - Statistiken

Allgemein
  • Dieses Quiz wurde 432 mal gespielt
  • Das Durchschnittsergebnis liegt bei 7 aus 8
Antwortstatistiken
Antwort % Korrekt
Sebastian Vettel
100%
Lewis Hamilton
98%
Fernando Alonso
97%
Jenson Button
94%
Mark Webber
92%
Felipe Massa
89%
Nico Rosberg
84%
Robert Kubica
53%
Keine übereinstimmenden Quizze gefunden
Verteilung der Resultate
Anzahl Personen mit jedem Resultat
Perzentil nach korrekt beantworteten Fragen
Ihre Resultats-Entwicklung
Sie haben dieses Quiz noch nicht gespielt